Vista normal
Vista MARC
Entrada Personal Name
Número de registros utilizados en: 1
001 - CONTROL NUMBER
- control field: 1832
003 - CONTROL NUMBER IDENTIFIER
- control field: OSt
005 - DATE AND TIME OF LATEST TRANSACTION
- control field: 20121101093658.0
008 - FIXED-LENGTH DATA ELEMENTS
- fixed length control field: 121101|||a|||||| | ||| d
040 ## - CATALOGING SOURCE
- Original cataloging agency: OSt
- Transcribing agency: OSt
100 ## - HEADING--PERSONAL NAME
- Personal name: Masci, Nilda
670 ## - SOURCE DATA FOUND
- Source citation: Work cat.: (OSt): Ricon, Lia Compiladora 1825, Mitos argentinos. Para conocernos mejor, 2012